00538cam a22001931 4500001001300000003000400013005001700017008004100034010001700075035001800092040002500110042001200135050002000147100003900167245008100206260002200287300001800309999001700327sa 68016398 DLC20260227112654.0720711s1966 io 000 0 ind  asa 68016398  a(OCoLC)352082 aDLCcOAUdOCoLCdDLC apremarc00aDS644.1.N3bA551 aNasution, Abdul Haris,d1918-2000.00aKibarkanlah pandji Angkatan '66!cKumpulan sambutan/tjeramah A. H. Nasution. a[Djakarta,c1966] a54 p.c21 cm. c87068d87068